| 000 | 00647nam a22002057a 4500 | ||
|---|---|---|---|
| 003 | OSt | ||
| 005 | 20240924061335.0 | ||
| 008 | 240924b |||||||| |||| 00| 0 eng d | ||
| 020 | _a9789710445363 | ||
| 040 |
_aDWCL-main lib. _cOC |
||
| 082 | _aFil. 808.5 D332s 2008 | ||
| 100 | _aDELA CRUZ, CLARISSA | ||
| 245 |
_aSpeech and oral communication / _cClarissa Dela Cruz. |
||
| 260 |
_aManila : _bMindshapers Co., Inc., _cc2008. |
||
| 300 |
_axiii, 194 pages : _billustrations ; _c23 cm. |
||
| 504 | _aIncludes bibliographical references and index. | ||
| 650 | _aSpeech | ||
| 650 | _aLanguage arts | ||
| 942 |
_2ddc _cBK - FIL _kFil. 808.5 D332s 2008 _n1 |
||
| 999 |
_c3083 _d3083 |
||